| 000 | 00434nam a2200193Ia 4500 | ||
|---|---|---|---|
| 005 | 20250603144634.0 | ||
| 008 | 250603s9999 xx 000 0 und d | ||
| 020 | _a0-534-99370-2 | ||
| 050 | _aQD 31.2 .K68/ | ||
| 100 | _aKotz, John C. | ||
| 245 | 0 | _aChemistry & chemical reactivity | |
| 250 | _a6th ed. | ||
| 260 | _aBelmont | ||
| 260 | _bThomson | ||
| 260 | _c2006 | ||
| 300 | _a1145 p | ||
| 650 | _aBelmont | ||
| 942 | _cBK | ||
| 999 |
_c39513 _d39513 |
||